000
00278nam a22001337a 4500
020
_a
978-1855736764
041
_a
ENG
100
_a
Smit.G
245
_a
Dairy Processing
260
_a
New York
_b
Woodhead Pub Li
_c
2003
300
_a
546
650
_a
APE
856
_u
APE ( 03 )
999
_c
1726
_d
1726